[Event "Fortaleza Capivarol op"]
[Site "Fortaleza"]
[Date "2018.11.03"]
[Round "3"]
[White "De Lima, Nilo Fernandes"]
[Black "Dos Santos, Roberto Melo"]
[Result "0-1"]
[WhiteElo "1675"]
[BlackElo "1899"]
[PlyCount "120"]
[EventDate "2018.11.02"]
[EventType "swiss"]
[EventRounds "6"]
[EventCountry "BRA"]
[SourceTitle "CBM 187 Extra"]
[Source "ChessBase"]
[SourceDate "2018.11.04"]
[SourceVersion "1"]
[SourceVersionDate "2018.11.04"]
[SourceQuality "1"]

1. e4 c5 2. d4 cxd4 3. Nf3 Nc6 4. c3 dxc3 5. Nxc3 d6 6. Bc4 Nf6 7. 0-0 e6 8. Qe2 a6 9. Rd1 Qc7 10. Bg5 Be7 11. Rac1 0-0 12. Bb3 Bd7 13. Qd2 Rac8 14. Bxf6 gxf6 15. Ne2 Qa5 16. Qh6 Ne5 17. Nxe5 Qxe5 18. Rd3 Rxc1+ 19. Nxc1 Kh8 20. Rh3 Qxe4 21. Qd2 Rg8 22. f3 Qe5 23. Bc2 f5 24. Nd3 Qd4+ 25. Kh1 Bb5 26. a4 Bxd3 27. Bxd3 Rg7 28. Qc2 Bf6 29. Qc8+ Rg8 30. Qxb7 Qxb2 31. Qxb2 Bxb2 32. Bxa6 Ra8 33. Bb5 Rc8 34. g3 Rc5 35. Rh4 d5 36. Rb4 Bc3 37. Rb1 d4 38. Bd3 Ra5 39. Bc2 Kg7 40. f4 Ra7 41. Kg2 h5 42. Kf3 f6 43. Rb5 Kf7 44. Ke2 e5 45. Bxf5 Rxa4 46. Rb7+ Kf8 47. Rb8+ Ke7 48. Rb7+ Kd8 49. Rd7+ Ke8 50. h4 e4 51. Rd5 Ra2+ 52. Kd1 e3 53. Bg6+ Ke7 54. Bxh5 Rd2+ 55. Ke1 Rg2+ 56. Kf1 Rxg3 57. Be2 Rh3 58. h5 Rh2 59. Bd1 Rh1+ 60. Ke2 Re1+ 0-1

[Event "Fortaleza Capivarol op"]
[Site "Fortaleza"]
[Date "2018.11.02"]
[Round "1"]
[White "Pereira Lustosa, Jose Maciel"]
[Black "Dos Santos, Roberto Melo"]
[Result "0-1"]
[WhiteElo "1545"]
[BlackElo "1899"]
[PlyCount "54"]
[EventDate "2018.11.02"]
[EventType "swiss"]
[EventRounds "6"]
[EventCountry "BRA"]
[SourceTitle "CBM 187 Extra"]
[Source "ChessBase"]
[SourceDate "2018.11.04"]
[SourceVersion "1"]
[SourceVersionDate "2018.11.04"]
[SourceQuality "1"]

1. e4 c5 2. Nf3 g6 3. g3 Bg7 4. Bg2 Nf6 5. d3 0-0 6. 0-0 Nc6 7. Re1 d6 8. c3 Bg4 9. Nbd2 Qc8 10. Nc4 Rb8 11. e5 dxe5 12. Ncxe5 Nxe5 13. Rxe5 Nd7 14. Rxe7 Bf6 15. Re3 Ne5 16. Qc2 Re8 17. Nxe5 Bxe5 18. Rxe5 Rxe5 19. Bf4 Re2 20. Qb3 Qe8 21. Qd1 Rd8 22. Bf1 Qe6 23. Bxe2 Bxe2 24. Qe1 Rxd3 25. Be3 Qg4 26. f4 Rxe3 27. Qf2 Re6 0-1

[Event "Fortaleza Correa Cup"]
[Site "Fortaleza"]
[Date "2018.03.02"]
[Round "3"]
[White "Rocancourt Moreira, Mauricio"]
[Black "Dos Santos, Roberto Melo"]
[Result "0-1"]
[WhiteElo "1778"]
[BlackElo "1898"]
[PlyCount "162"]
[EventDate "2018.02.28"]
[EventType "swiss"]
[EventRounds "5"]
[EventCountry "BRA"]
[SourceTitle "EXT 2019"]
[Source "ChessBase"]
[SourceDate "2018.10.10"]
[SourceVersion "1"]
[SourceVersionDate "2018.10.10"]
[SourceQuality "1"]

1. d4 Nf6 2. c4 g6 3. Nc3 Bg7 4. g3 0-0 5. Bg2 d6 6. Nf3 Nbd7 7. 0-0 e5 8. d5 a5 9. e4 Nc5 10. Ne1 Bg4 11. f3 Bd7 12. Nd3 Nxd3 13. Qxd3 Ne8 14. Be3 f5 15. b3 Nf6 16. Kh1 Nh5 17. Ne2 Qe7 18. Rac1 b6 19. Nc3 f4 20. Bf2 fxg3 21. hxg3 Bh6 22. Rb1 Qg5 23. Ne2 Rf7 24. Rbc1 Raf8 25. Rc3 Bg4 26. fxg4 Rxf2 27. Rxf2 Rxf2 28. gxh5 Qxh5+ 29. Kg1 Qxe2 30. Qxe2 Rxe2 31. a4 Be3+ 32. Kh2 Kg7 33. Rd3 Bd4 34. Kh3 h5 35. Bf3 Rb2 36. g4 hxg4+ 37. Kxg4 Rb1 38. Kh3 Kh6 39. Bg2 Kg5 40. Rg3+ Kf6 41. Rf3+ Kg7 42. Kg4 Bg1 43. Rf1 Rxb3 44. Rxg1 Rc3 45. Ra1 Rxc4 46. Kf3 Rc3+ 47. Kg4 Kf6 48. Bf3 Rc4 49. Ra2 Kg7 50. Ra3 Kf6 51. Bg2 Kg7 52. Kf3 Kf6 53. Bf1 Rc1 54. Bd3 Ke7 55. Bb5 Kf6 56. Ke3 Rh1 57. Rd3 Re1+ 58. Kf3 Rh1 59. Kg3 Rh7 60. Kg4 Rh1 61. Rf3+ Ke7 62. Rc3 Kd8 63. Rh3 Rg1+ 64. Rg3 Rh1 65. Kg5 Re1 66. Rg4 Ke7 67. Kxg6 Re3 68. Kh5 Kf7 69. Bd7 Kf8 70. Kg6 Ke7 71. Bc6 Re1 72. Kg7 Rf1 73. Kg6 Rf6+ 74. Kg5 Rf1 75. Bb5 Rf8 76. Kg6 Rg8+ 77. Kf5 Rf8+ 78. Kg5 Kf7 79. Bd7 Ke7 80. Bf5 Rg8+ 81. Kh5 Rh8+ 0-1

[Event "Fortaleza Genti Memorial"]
[Site "Fortaleza"]
[Date "2017.09.23"]
[Round "4"]
[White "Dos Santos, Roberto Melo"]
[Black "Da Paixao, Irineu Vieira"]
[Result "0-1"]
[WhiteElo "1935"]
[BlackElo "1732"]
[PlyCount "116"]
[EventDate "2017.09.22"]
[EventType "swiss"]
[EventRounds "6"]
[EventCountry "BRA"]
[SourceTitle "CBM 180 Extra"]
[Source "ChessBase"]
[SourceDate "2017.10.06"]
[SourceVersion "1"]
[SourceVersionDate "2017.10.06"]
[SourceQuality "1"]

1. e4 c5 2. Nf3 Nc6 3. d4 cxd4 4. Nxd4 Nf6 5. Nc3 e6 6. Be3 a6 7. a3 Be7 8. Bc4 0-0 9. Ba2 Ne5 10. h3 Ng6 11. 0-0 b5 12. f3 Bb7 13. Qe1 Nh5 14. Nce2 Rc8 15. c3 Kh8 16. Rd1 Qc7 17. Bb1 Bh4 18. Bf2 Bg5 19. g3 Be7 20. Qd2 Rfd8 21. Qc2 Bd6 22. f4 Bc5 23. b4 Ba7 24. e5 Ba8 25. g4 Qb7 26. Qe4 Qxe4 27. Bxe4 Nhxf4 28. Nxf4 Nxf4 29. Bxa8 Rxa8 30. Kh2 Ng6 31. Bg3 Kg8 32. Nf3 Rac8 33. Rd3 h6 34. Rfd1 Rc7 35. h4 Ne7 36. Nd2 Nd5 37. Ne4 Ne3 38. Re1 Nxg4+ 39. Kg2 h5 40. Kf3 Nh6 41. Rd6 Rc6 42. Red1 Bb6 43. Rxd7 Rxd7 44. Rxd7 Nf5 45. Be1 Kf8 46. Ng5 Nh6 47. Ne4 Bc7 48. Nd6 Bxd6 49. exd6 Ke8 50. Re7+ Kd8 51. Ra7 Rxd6 52. Ke4 Rc6 53. Bd2 Ke8 54. Kd3 Nf5 55. Be1 Ne7 56. Bf2 g6 57. Bc5 Nc8 58. Ra8 Rd6+ 0-1

[Event "Fortaleza Alves memorial 17th"]
[Site "Fortaleza"]
[Date "2013.05.19"]
[Round "6"]
[White "Lima Neto, Pedro"]
[Black "Dos Santos, Roberto Melo"]
[Result "1-0"]
[WhiteElo "2060"]
[BlackElo "1942"]
[PlyCount "125"]
[EventDate "2013.05.17"]
[EventType "swiss"]
[EventRounds "6"]
[EventCountry "BRA"]
[SourceTitle "CBM 154 Extra"]
[Source "ChessBase"]
[SourceDate "2013.06.25"]
[SourceVersion "2"]
[SourceVersionDate "2013.06.25"]
[SourceQuality "1"]

1. e4 c5 2. Nf3 d6 3. d4 cxd4 4. Nxd4 Nf6 5. Nc3 e5 6. Bb5+ Bd7 7. Bxd7+ Qxd7 8. Nf5 g6 9. Nh6 Na6 10. Bg5 Bg7 11. Qf3 Ng8 12. Nxg8 Rxg8 13. 0-0-0 Qe6 14. Qd3 Bf8 15. Nd5 Bg7 16. Rd2 Rc8 17. Qb5+ Qd7 18. Qxd7+ Kxd7 19. Ne7 f6 20. Nxc8 Rxc8 21. Be3 b6 22. Rhd1 Bf8 23. f3 Nc5 24. Kb1 f5 25. Rd5 Ke6 26. Bxc5 bxc5 27. c4 Rc6 28. R5d3 Kd7 29. Ra3 a6 30. Rb3 Kc7 31. Kc2 Be7 32. Kd3 Bg5 33. h4 Be7 34. h5 f4 35. hxg6 hxg6 36. Rh1 Kc8 37. Rh7 Bd8 38. Rg7 g5 39. Ke2 a5 40. Kf1 Ra6 41. a4 Rc6 42. Kg1 Bf6 43. Rf7 Bd8 44. Kh2 Ra6 45. Kh3 d5 46. cxd5 Rh6+ 47. Kg4 Rh2 48. Rc3 Rxg2+ 49. Kf5 Bb6 50. b3 Rg3 51. Rg7 Rg1 52. Kxe5 Kd8 53. Kf5 Rg2 54. Rxg5 Rb2 55. e5 c4 56. bxc4 Bd4 57. Rc1 Re2 58. Ke6 Re3 59. c5 Rxf3 60. c6 Rg3 61. Rxg3 fxg3 62. Rc2 Bf2 63. d6 1-0

[Event "BRA-ch sf-B"]
[Site "Fortaleza"]
[Date "2012.11.02"]
[Round "4"]
[White "Rocha, Alan dos Santos"]
[Black "Dos Santos, Roberto Melo"]
[Result "0-1"]
[WhiteElo "1800"]
[BlackElo "1944"]
[PlyCount "132"]
[EventDate "2012.11.01"]
[EventType "swiss"]
[EventRounds "8"]
[EventCountry "BRA"]
[SourceTitle "EXT 2013"]
[Source "ChessBase"]
[SourceDate "2012.11.22"]
[SourceVersion "1"]
[SourceVersionDate "2012.11.22"]
[SourceQuality "1"]

1. e4 e5 2. Nf3 Nc6 3. d4 exd4 4. Nxd4 d6 5. Nc3 Nf6 6. Be3 Be7 7. Nxc6 bxc6 8. Bc4 0-0 9. 0-0 Ng4 10. Qe2 Nxe3 11. Qxe3 Rb8 12. Bb3 Rb6 13. Rad1 Bf6 14. f4 Qe7 15. Rfe1 Ba6 16. e5 dxe5 17. fxe5 Bh4 18. g3 Bg5 19. Qd4 h6 20. Qd7 Qc5+ 21. Kg2 Rxb3 22. cxb3 Rd8 23. Qxc7 Rxd1 24. Rxd1 Qf8 25. Qxc6 Bc8 26. Ne4 Be7 27. Nd6 Be6 28. Nb5 Bg4 29. Rf1 Qd8 30. Nd6 Bd7 31. Qf3 f6 32. Qd5+ Kh7 33. exf6 Bxd6 34. Qxd6 Bh3+ 35. Kxh3 Qxd6 36. fxg7 Kxg7 37. Kg2 Qd5+ 38. Kg1 Qd4+ 39. Rf2 Kg6 40. Kf1 Qd1+ 41. Kg2 Qb1 42. h4 Qxa2 43. Kh3 Qxb3 44. Rd2 Qe6+ 45. Kh2 a5 46. Rg2 h5 47. Kh1 a4 48. Kh2 Kf5 49. Rf2+ Kg6 50. Rg2 Qe4 51. Kg1 Qb1+ 52. Kh2 Qa2 53. Kg1 Kf5 54. Rf2+ Ke5 55. Kg2 Qd5+ 56. Kh2 Qd1 57. Kg2 Ke4 58. Kh2 Ke3 59. Rg2 Kf3 60. Rg1 Qe2+ 61. Kh1 Qxb2 62. Rf1+ Qf2 63. Rxf2+ Kxf2 64. g4 a3 65. g5 a2 66. g6 a1Q+ 0-1

[Event "Fortaleza Alves Memorial 16th"]
[Site "Fortaleza"]
[Date "2012.05.20"]
[Round "4"]
[White "Dos Santos, Roberto Melo"]
[Black "Pinheiro, Iung Alicio"]
[Result "0-1"]
[WhiteElo "1927"]
[BlackElo "2310"]
[PlyCount "48"]
[EventDate "2012.05.18"]
[EventType "swiss"]
[EventRounds "5"]
[EventCountry "BRA"]
[SourceTitle "CBM 148 Extra"]
[Source "ChessBase"]
[SourceDate "2012.06.22"]
[SourceVersion "1"]
[SourceVersionDate "2012.06.22"]
[SourceQuality "1"]

1. e4 c5 2. Nc3 Nc6 3. Nf3 d6 4. g3 g6 5. Bg2 Bg7 6. d3 Nf6 7. 0-0 Bg4 8. Ne2 Qc8 9. Re1 h5 10. Bf4 e5 11. Bg5 h4 12. Nxh4 Rh5 13. Be3 Qd7 14. f3 Bh3 15. Bh1 0-0-0 16. Bf2 Rdh8 17. c3 g5 18. Nf5 Bxf5 19. exf5 Rxh2 20. Bg2 g4 21. fxg4 Nxg4 22. Rf1 Qxf5 23. Nc1 Qh5 24. Qf3 Rh1+ 0-1

[Event "Fortaleza Alves Memorial 16th"]
[Site "Fortaleza"]
[Date "2012.05.18"]
[Round "1"]
[White "Paiva, Lucas Daniel Bezerr"]
[Black "Dos Santos, Roberto Melo"]
[Result "0-1"]
[WhiteElo "1753"]
[BlackElo "1927"]
[PlyCount "90"]
[EventDate "2012.05.18"]
[EventType "swiss"]
[EventRounds "5"]
[EventCountry "BRA"]
[SourceTitle "CBM 148 Extra"]
[Source "ChessBase"]
[SourceDate "2012.06.22"]
[SourceVersion "1"]
[SourceVersionDate "2012.06.22"]
[SourceQuality "1"]

1. e4 e5 2. Nf3 Nc6 3. Bb5 a6 4. Bxc6 bxc6 5. d4 exd4 6. Qxd4 c5 7. Qe5+ Ne7 8. Qxc5 Ng6 9. Qc4 Be7 10. Nc3 0-0 11. Nd5 Bd6 12. Bg5 Qe8 13. 0-0-0 Ra7 14. Qc3 f6 15. Be3 Rb7 16. Rhe1 a5 17. Bc5 Bxc5 18. Qxc5 c6 19. Nb6 Qe6 20. Qxa5 Qg4 21. Re3 Qxg2 22. Nxc8 Rxc8 23. Qd2 Qg4 24. Rg1 Qe6 25. b3 Qe7 26. Qc3 Ra8 27. a4 Qa3+ 28. Kd2 Rd8 29. Ra1 Qe7 30. Ke1 Nf4 31. Kd1 Rb4 32. Kc1 Ng2 33. Re2 Re8 34. a5 c5 35. e5 Nf4 36. Re3 Qf8 37. a6 Nd5 38. Qd2 Nxe3 39. fxe3 fxe5 40. Qxd7 Rbb8 41. Qd5+ Kh8 42. Nxe5 Qf1+ 43. Kb2 Qf6 44. a7 Ra8 45. Kc1 Qxe5 0-1

[Event "Fortaleza Brazil op 2nd"]
[Site "Fortaleza"]
[Date "2012.04.06"]
[Round "2"]
[White "Dos Santos, Roberto Melo"]
[Black "Santiago, Bruno Majorico Frei"]
[Result "0-1"]
[WhiteElo "1937"]
[BlackElo "2167"]
[PlyCount "115"]
[EventDate "2012.04.05"]
[EventType "swiss"]
[EventRounds "7"]
[EventCountry "BRA"]
[SourceTitle "CBM 147 Extra"]
[Source "ChessBase"]
[SourceDate "2012.04.24"]
[SourceVersion "1"]
[SourceVersionDate "2012.04.24"]
[SourceQuality "1"]

1. e4 c5 2. Nf3 e6 3. d4 cxd4 4. Nxd4 Nf6 5. Nc3 a6 6. e5 Ng8 7. Be2 Qc7 8. Bf4 Bb4 9. 0-0 Bxc3 10. bxc3 Qxc3 11. Rb1 Ne7 12. Rb3 Qc7 13. Qd2 Ng6 14. Nf3 Nc6 15. Bg3 0-0 16. Re1 b5 17. Bd3 Bb7 18. Bxg6 fxg6 19. Rd3 Nb8 20. Ree3 Qc4 21. c3 Bd5 22. a3 Nc6 23. Nd4 Na5 24. Qb2 Rac8 25. Rd1 Qa4 26. Ree1 Nc4 27. Qb4 Qxa3 28. Ra1 Qxb4 29. cxb4 Bb7 30. Nb3 Rc6 31. Nc5 Bc8 32. Red1 Rf7 33. Ne4 h6 34. Rd4 g5 35. Rad1 Rf5 36. Nd6 Nxd6 37. Rxd6 Rc7 38. f3 Kf7 39. Rb6 Bb7 40. Bf2 Ke8 41. Bc5 Bc8 42. Bd6 Rc2 43. Rb8 Rf4 44. Ra1 Kf7 45. Rd1 Rfc4 46. Bc5 Rxc5 47. bxc5 Rxc5 48. Ra1 Ke7 49. g3 Rc6 50. Rd1 Kd8 51. Rd6 Kc7 52. Ra8 Rxd6 53. exd6+ Kb7 54. Rxc8 Kxc8 55. Kf2 Kb7 56. Ke3 Kc6 57. f4 gxf4+ 58. Kxf4 0-1

[Event "Fortaleza Inelsa Cup 3rd"]
[Site "Fortaleza"]
[Date "2011.09.24"]
[Round "6"]
[White "Lima, Antonio Stenio Patr"]
[Black "Dos Santos, Roberto Melo"]
[Result "0-1"]
[WhiteElo "1873"]
[BlackElo "1882"]
[PlyCount "80"]
[EventDate "2011.09.20"]
[EventType "swiss"]
[EventRounds "6"]
[EventCountry "BRA"]
[SourceTitle "CBM 144 Extra"]
[Source "ChessBase"]
[SourceDate "2011.10.28"]
[SourceVersion "1"]
[SourceVersionDate "2011.10.28"]
[SourceQuality "1"]

1. e4 c5 2. Nf3 d6 3. d4 cxd4 4. Nxd4 Nf6 5. Nc3 a6 6. Bc4 e6 7. Bb3 Be7 8. Be3 0-0 9. f3 Nc6 10. Qd2 Na5 11. 0-0-0 b5 12. g4 Nxb3+ 13. cxb3 Bb7 14. h4 Rc8 15. Kb1 b4 16. Na4 d5 17. e5 Nd7 18. f4 Nc5 19. Nxc5 Bxc5 20. f5 exf5 21. gxf5 Re8 22. e6 Bxd4 23. exf7+ Kxf7 24. Bxd4 Qd7 25. Ka1 Re4 26. f6 Kg8 27. fxg7 a5 28. Rdf1 Qe6 29. Rf8+ Rxf8 30. gxf8Q+ Kxf8 31. Rf1+ Ke8 32. Qf2 Kd7 33. Rc1 Bc6 34. Bb6 Qh6 35. Qf5+ Kd6 36. Bc5+ Kc7 37. Qf7+ Kc8 38. Rg1 Qe6 39. Qf2 Re2 40. Rg8+ Be8 0-1

[Event "Fortaleza Inelsa Cup 3rd"]
[Site "Fortaleza"]
[Date "2011.09.20"]
[Round "1"]
[White "Pinheiro, Iung Alicio"]
[Black "Dos Santos, Roberto Melo"]
[Result "1-0"]
[WhiteElo "2318"]
[BlackElo "1882"]
[PlyCount "73"]
[EventDate "2011.09.20"]
[EventType "swiss"]
[EventRounds "6"]
[EventCountry "BRA"]
[SourceTitle "CBM 144 Extra"]
[Source "ChessBase"]
[SourceDate "2011.10.28"]
[SourceVersion "1"]
[SourceVersionDate "2011.10.28"]
[SourceQuality "1"]

1. Nf3 Nf6 2. c4 g6 3. d4 Bg7 4. Nc3 0-0 5. Bg5 d6 6. e3 Nbd7 7. Qc2 b6 8. Be2 Bb7 9. Bh4 c5 10. d5 a6 11. a4 b5 12. axb5 axb5 13. Rxa8 Qxa8 14. Nxb5 Qa1+ 15. Qd1 Qxb2 16. 0-0 Ra8 17. Bd3 Ne5 18. Nxe5 Qxe5 19. h3 Ne8 20. Qb3 Bc8 21. Bc2 Bf8 22. f4 Qh5 23. Bxe7 Bxh3 24. gxh3 Qxh3 25. e4 Qg4+ 26. Kh1 Qh5+ 27. Kg2 Qg4+ 28. Qg3 Qe2+ 29. Rf2 Qxc4 30. Qb3 Qxb3 31. Bxb3 Rb8 32. Bc4 Rb7 33. Bh4 Rb8 34. Ra2 Bh6 35. Kf3 Kg7 36. e5 dxe5 37. fxe5 1-0

[Event "Fortaleza Inelsa op 3rd"]
[Site "Fortaleza"]
[Date "2011.08.28"]
[Round "3"]
[White "Amorim, Daniel Madson De Me"]
[Black "Dos Santos, Roberto Melo"]
[Result "1-0"]
[WhiteElo "2132"]
[BlackElo "1882"]
[PlyCount "67"]
[EventDate "2011.08.27"]
[EventType "swiss"]
[EventRounds "6"]
[EventCountry "BRA"]
[SourceTitle "CBM 144 Extra"]
[Source "ChessBase"]
[SourceDate "2011.10.28"]
[SourceVersion "1"]
[SourceVersionDate "2011.10.28"]
[SourceQuality "1"]

1. d4 d5 2. c4 c6 3. Nc3 Nf6 4. Nf3 Nbd7 5. cxd5 Nxd5 6. e4 Nxc3 7. bxc3 g6 8. Bc4 Bg7 9. Bxf7+ Kxf7 10. Ng5+ Ke8 11. Qb3 Ne5 12. dxe5 e6 13. Nxe6 Bxe6 14. Qxe6+ Qe7 15. Qxe7+ Kxe7 16. f4 c5 17. Be3 b6 18. Ke2 Rhd8 19. Rhd1 Rxd1 20. Rxd1 Rd8 21. Rxd8 Kxd8 22. Bf2 Kd7 23. Bh4 Ke6 24. a4 h6 25. Bf6 Bf8 26. Kd3 a6 27. Kc4 h5 28. h3 Bh6 29. g3 Bf8 30. g4 Kd7 31. Kd5 b5 32. e6+ Ke8 33. axb5 axb5 34. e7 1-0

[Event "Fortaleza Alves Memorial 15th"]
[Site "Fortaleza"]
[Date "2011.05.22"]
[Round "4"]
[White "Dos Santos, Roberto Melo"]
[Black "Brandao, Marcius Gomes"]
[Result "0-1"]
[WhiteElo "1857"]
[BlackElo "2047"]
[PlyCount "134"]
[EventDate "2011.05.20"]
[EventType "swiss"]
[EventRounds "5"]
[EventCountry "BRA"]
[SourceTitle "CBM 142 Extra"]
[Source "ChessBase"]
[SourceDate "2011.06.27"]
[SourceVersion "1"]
[SourceVersionDate "2011.06.27"]
[SourceQuality "1"]

1. e4 c5 2. Nf3 g6 3. d4 cxd4 4. Nxd4 Nc6 5. Be3 Nf6 6. Nc3 Bg7 7. Be2 0-0 8. Qd2 d5 9. Nxc6 bxc6 10. 0-0-0 e6 11. Bg5 Qa5 12. Kb1 Rb8 13. b3 Qa3 14. e5 Nd7 15. f4 Ba6 16. Bxa6 Qxa6 17. Be7 Rfe8 18. Bd6 Rb7 19. g4 f6 20. Rde1 fxe5 21. fxe5 Nb6 22. Qd3 Qa5 23. Rhf1 Nc4 24. Nd1 Nxd6 25. exd6 Qb4 26. Qa6 Qb6 27. Qxb6 axb6 28. c4 Rd7 29. cxd5 cxd5 30. Ne3 Rxd6 31. g5 e5 32. Rd1 Red8 33. a4 e4 34. Rc1 d4 35. Ng4 e3 36. Rfe1 Re6 37. Rcd1 e2 38. Rd3 Rf8 39. Kc2 Rf4 40. h3 Bf8 41. Nf6+ Rfxf6 42. gxf6 Bb4 43. Rg1 Rc6+ 44. Kb1 Rxf6 45. Rxd4 Rf1+ 46. Kb2 Rxg1 47. Rxb4 e1Q 48. Rc4 Qa1+ 49. Kc2 Rc1+ 50. Kd3 Rxc4 51. Kxc4 Qe5 52. b4 g5 53. b5 h5 54. a5 Qc5+ 55. Kd3 Qxb5+ 56. Ke4 Qxa5 57. Kf3 b5 58. h4 g4+ 59. Kg3 Qe1+ 60. Kf4 Qxh4 61. Ke4 b4 62. Kd3 g3 63. Kc2 g2 64. Kb3 g1B 65. Kc2 Qg4 66. Kb3 h4 67. Kc2 h3 0-1

[Event "Fortaleza Alves Memorial 15th"]
[Site "Fortaleza"]
[Date "2011.05.21"]
[Round "2"]
[White "Santos, Antonio Inacio Dos"]
[Black "Dos Santos, Roberto Melo"]
[Result "0-1"]
[WhiteElo "2078"]
[BlackElo "1857"]
[PlyCount "150"]
[EventDate "2011.05.20"]
[EventType "swiss"]
[EventRounds "5"]
[EventCountry "BRA"]
[SourceTitle "CBM 142 Extra"]
[Source "ChessBase"]
[SourceDate "2011.06.27"]
[SourceVersion "1"]
[SourceVersionDate "2011.06.27"]
[SourceQuality "1"]

1. Nf3 Nf6 2. c4 e6 3. d4 d5 4. Nc3 Bb4 5. Qb3 c5 6. dxc5 Nc6 7. cxd5 exd5 8. Bd2 0-0 9. e3 d4 10. Nxd4 Nxd4 11. exd4 Qxd4 12. Be3 Re8 13. Be2 Bxc3+ 14. Qxc3 Qxc3+ 15. bxc3 Nd5 16. Bb5 Nxe3 17. Bxe8 Nc2+ 18. Kd2 Nxa1 19. Rxa1 Be6 20. Ba4 Rc8 21. Rb1 Bd5 22. c6 bxc6 23. Rb7 Bxg2 24. Rxa7 Rd8+ 25. Ke3 Bd5 26. Bc2 g6 27. a4 Re8+ 28. Kd2 Bc4 29. Bd1 Rd8+ 30. Kc2 Rd6 31. Rc7 Rf6 32. f3 Kf8 33. Kd2 Rd6+ 34. Ke1 Ke8 35. Bc2 Kd8 36. Ra7 h5 37. Ra8+ Kc7 38. Rf8 Kb6 39. Rb8+ Ka7 40. Rf8 Re6+ 41. Kd1 f5 42. Rf7+ Kb6 43. Rg7 Be2+ 44. Kd2 Bxf3 45. Bd3 Rd6 46. Kc2 Be4 47. Bxe4 fxe4 48. h4 e3 49. Re7 Rd2+ 50. Kc1 Rh2 51. Rxe3 Rxh4 52. Re6 Rg4 53. Kd2 g5 54. Ke3 Rxa4 55. Rg6 Rg4 56. Kf3 Rf4+ 57. Ke3 Rg4 58. Kf3 Kb5 59. Re6 Rf4+ 60. Ke3 Rc4 61. Kd3 Rc5 62. Rh6 h4 63. Rh5 Rd5+ 64. Kc2 Kc4 65. Rh6 c5 66. Rh5 Rf5 67. Kd2 Kd5 68. Ke3 c4 69. Rh8 Re5+ 70. Kf3 Rf5+ 71. Ke3 Ke6 72. Re8+ Kf6 73. Rh8 Rf4 74. Rf8+ Kg6 75. Rc8 h3 0-1

[Event "Ceara op 9th"]
[Site "Ceara"]
[Date "2011.05.12"]
[Round "6"]
[White "Ribeiro, Matheus Cavalcante"]
[Black "Dos Santos, Roberto Melo"]
[Result "1-0"]
[WhiteElo "2132"]
[BlackElo "1857"]
[PlyCount "115"]
[EventDate "2011.04.30"]
[EventType "swiss"]
[EventRounds "7"]
[EventCountry "BRA"]
[SourceTitle "CBM 142 Extra"]
[Source "ChessBase"]
[SourceDate "2011.06.27"]
[SourceVersion "1"]
[SourceVersionDate "2011.06.27"]
[SourceQuality "1"]

1. e4 c5 2. Nf3 d6 3. d4 cxd4 4. Nxd4 Nf6 5. Nc3 g6 6. Be3 Bg7 7. f3 a6 8. Bc4 Nbd7 9. Qd2 b5 10. Bb3 Bb7 11. Bh6 Bxh6 12. Qxh6 Rg8 13. 0-0-0 Qb6 14. Rhe1 e5 15. Nde2 Nc5 16. Kb1 Nxb3 17. axb3 b4 18. Na4 Qc7 19. Qd2 Rc8 20. Qxd6 Nd7 21. Qxb4 Qxc2+ 22. Ka2 Qc6 23. Rd6 Qb5 24. Qd2 Bc6 25. Rc1 Qb7 26. Qc3 Nb8 27. Qxe5+ Kf8 28. Nc5 Qe7 29. Nd3 Qxe5 30. Nxe5 Ke7 31. Rdxc6 Nxc6 32. Rxc6 Rcd8 33. Nc3 f6 34. Nc4 f5 35. Nd5+ Kf8 36. Rxa6 fxe4 37. fxe4 Kg7 38. b4 Rge8 39. Ra7+ Kh6 40. Nf6 Ra8 41. Rxa8 Rxa8+ 42. Kb3 Kg5 43. Nxh7+ Kf4 44. e5 Kf5 45. Nf6 Rh8 46. h3 Rd8 47. Kc3 Rc8 48. b5 Ke6 49. Kb4 g5 50. b6 Rb8 51. Kb5 g4 52. Nd6 g3 53. b7 Rh8 54. Nc8 Kxe5 55. b8Q+ Kxf6 56. Qxg3 Rxc8 57. Qc3+ Rxc3 58. bxc3 1-0